|
|
|
|
| LEADER |
03306nam a22003973i 4500 |
| 001 |
EBC30686067 |
| 003 |
MiAaPQ |
| 005 |
20231204023231.0 |
| 006 |
m o d | |
| 007 |
cr cnu|||||||| |
| 008 |
231204s2008 xx o ||||0 ger d |
| 020 |
|
|
|a 9783631756119
|q (electronic bk.)
|
| 020 |
|
|
|z 9783631571026
|
| 035 |
|
|
|a (MiAaPQ)EBC30686067
|
| 035 |
|
|
|a (Au-PeEL)EBL30686067
|
| 035 |
|
|
|a (OCoLC)1397572220
|
| 040 |
|
|
|a MiAaPQ
|b eng
|e rda
|e pn
|c MiAaPQ
|d MiAaPQ
|
| 100 |
1 |
|
|a Wille, Eberhard.
|
| 245 |
1 |
0 |
|a Wettbewerb Im Gesundheitswesen :
|b 11. Bad Orber Gespraeche- 16. -18. November 2006.
|
| 250 |
|
|
|a 1st ed.
|
| 264 |
|
1 |
|a Frankfurt a.M. :
|b Peter Lang GmbH, Internationaler Verlag der Wissenschaften,
|c 2008.
|
| 264 |
|
4 |
|c ©2008.
|
| 300 |
|
|
|a 1 online resource (194 pages)
|
| 336 |
|
|
|a text
|b txt
|2 rdacontent
|
| 337 |
|
|
|a computer
|b c
|2 rdamedia
|
| 338 |
|
|
|a online resource
|b cr
|2 rdacarrier
|
| 490 |
1 |
|
|a Allokation Im Marktwirtschaftlichen System Series ;
|v v.57
|
| 505 |
0 |
|
|a Cover -- Eberhard Wille: Der Wettbewerb als zielführendes Instrument im Gesundheitswesen -- Volker Ulrich: Der morbiditätsorientierte Risikostrukturausgleich als notwendige Grundlage? -- Jürgen Wasem und Susanne Staudt: Morbiditätsorientierter Risikostrukturausgleich -- Rolf Hoberg: Funktionsfähiger Wettbewerb der Krankenkassen - Der morbiditätsorientierte Risikostrukturausgleich als notwendige Grundlage? -- Gerhard Schulte: Der morbiditätsorientierte Risikostrukturausgleich als notwendige Grundlage des Krankenkassenwettbewerbs? -- Herbert Rebscher: Finanzierungsreform und Kassenwettbewerb - das falsche Ordnungskonzept der Reform - -- Franz Knieps: Die künftigen Wettbewerbsparameter der gesetzlichen Krankenkassen - Bisheriger Entwicklungsprozess und Neuerungen durch das GKV-Wettbewerbsstärkungsgesetz -- Günter Neubauer: Mittelfristige Preis- und Struktureffekte durch DRGs -- Wolfgang Pföhler: Die künftige Krankenhauslandschaft - aus Sicht eines privaten Klinikbetreibers -- Dieter Cassel: Kassenspezifische Positivlisten als Vertragsgrundlage in der GKV-Arzneimittelversorgung -- Christoph Straub: Die Rolle der Krankenkassen bei selektiver Vertragsgestaltung -- Karl-Heinz Schönbach: Die Rolle der Krankenkassen bei der selektiven Vertragsgestaltung im Arzneimittelbereich -- Walter Köbele: Direktverträge mit den Krankenkassen: Die Position der pharmazeutischen Industrie -- Mark Seidscheck: Direktverträge mit den Krankenkassen: Die Position der pharmazeutischen Industrie (Zusammenfassung) -- Verzeichnis der Autoren.
|
| 588 |
|
|
|a Description based on publisher supplied metadata and other sources.
|
| 590 |
|
|
|a Electronic reproduction. Ann Arbor, Michigan : ProQuest Ebook Central, 2023. Available via World Wide Web. Access may be limited to ProQuest Ebook Central affiliated libraries.
|
| 655 |
|
4 |
|a Electronic books.
|
| 700 |
1 |
|
|a Knabner, Klaus.
|
| 776 |
0 |
8 |
|i Print version:
|a Wille, Eberhard
|t Wettbewerb Im Gesundheitswesen: Chancen und Grenzen
|d Frankfurt a.M. : Peter Lang GmbH, Internationaler Verlag der Wissenschaften,c2008
|z 9783631571026
|
| 797 |
2 |
|
|a ProQuest (Firm)
|
| 830 |
|
0 |
|a Allokation Im Marktwirtschaftlichen System Series
|
| 856 |
4 |
0 |
|u https://ebookcentral.proquest.com/lib/matrademy/detail.action?docID=30686067
|z Click to View
|